Quantitative Methods for Investment Analysis /

Contenido: El valor del dinero con el tiempo; Aplicaciones del flujo de liquidez descontado; Conceptos estadísticos y retorno del mercado; Conceptos probabilísticos; Distribuciones de probabilidad comunes; Muestreo y estimación; Prueba de hipótesis; Correlación y regresión; Regresión múltiple y aspe...

Полное описание

Сохранить в:
Библиографические подробности
Другие авторы: DeFusco, Richard A. (autor) (autor), Johnson, Robert R. (prefacio) (prefacio)
Формат:
Язык:английский
Опубликовано: Charlottesville, EUA : Chartered Financial Analyst Institute, 2003, c2003
Редактирование:2a edición
Предметы:
Метки: Добавить метку
Нет меток, Требуется 1-ая метка записи!

MARC

LEADER 00000nam^a2200000^a^4500
001 000182640
005 20250521000000.0
009 20260310102014.07
020 |a 1-932495-08-8 
037 |a Acervo ITESO - Biblioteca 
041 |a ING 
082 |a 332. 6076  |b CFA PRO CBOK QUA 
240 1 1 |a [CFA Program] 
245 0 0 |a Quantitative Methods for Investment Analysis /  |c R.A. DeFusco... [et al.] ; pref. de R.R. Johnson. 
250 |a 2a edición 
264 4 |a Charlottesville, EUA :  |b Chartered Financial Analyst Institute,  |c 2003, c2003 
300 |a XV, 721 p. 
336 |a texto  |b txt  |2 rdacontenido 
337 |a sin mediación  |b n  |2 rdamedio 
338 |a volumen  |b nc  |2 rdasoporte 
520 |a Contenido: El valor del dinero con el tiempo; Aplicaciones del flujo de liquidez descontado; Conceptos estadísticos y retorno del mercado; Conceptos probabilísticos; Distribuciones de probabilidad comunes; Muestreo y estimación; Prueba de hipótesis; Correlación y regresión; Regresión múltiple y aspectos de análisis de regresión; Análisis de series de tiempo; Conceptos de portafolio. 
649 |a XX 
650 |a Inversiones -  |x Análisis -  |x Tema Principal 
650 |a Inversiones -  |x Modelos Matemáticos -  |x Tema Principal 
650 |a Análisis Estadístico 
650 |a Modelos Matemáticos 
650 |a Matemáticas Financieras 
650 |a Finanzas 
650 |a Economía 
700 |a DeFusco, Richard A.  |e (autor) 
700 |a Johnson, Robert R.  |e (prefacio) 
910 |a Fondo General 
920 |a Impresos - Libros 
930 |a Colección General 
905 |a 101 
901 |a 0500122838  |b IT1  |c ACC  |u 20250521 
902 |a https://opac.biblio.iteso.mx/vufind/Record/000182640